El sistema nervioso central / (Record no. 144452)

MARC details
000 -LEADER
campo de control de longitud fija 00622nam a2200193 i 4500
001 - NÚMERO DE CONTROL
campo de control 144452
003 - IDENTIFICADOR DE NÚMERO DE CONTROL
campo de control ES-MaACL
005 - FECHA Y HORA DE LA ÚLTIMA TRANSACCIÓN
campo de control 20230906201023.0
007 - CAMPO FIJO DE DESCRIPCIÓN FÍSICA--INFORMACIÓN GENERAL
campo de control de longitud fija t|
008 - DATOS DE LONGITUD FIJA--INFORMACIÓN GENERAL
campo de control de longitud fija 070214s1968 sp f |||| | spa d
245 03 - MENCIÓN DEL TÍTULO
Título El sistema nervioso central /
Mención de responsabilidad, etc. por P. Gómez Bosque ... [et al.].
260 ## - PUBLICACIÓN, DISTRIBUCIÓN, ETC.
Lugar de publicación, distribución, etc. Valladolid :
Nombre del editor, distribuidor, etc. Universidad,
Fecha de publicación, distribución, etc. 1968 (
Fabricante Sever)
300 ## - DESCRIPCIÓN FÍSICA
Extensión 2 v., lám. ;
Dimensiones 32 cm.
505 8# - NOTA DE CONTENIDO CON FORMATO
Nota de contenido con formato Contiene: I. Texto - II. Iconografía
650 #4 - PUNTO DE ACCESO ADICIONAL DE MATERIA--TÉRMINO DE MATERIA
Término de materia o nombre geográfico como elemento de entrada Sistema nervioso central.
9 (RLIN) 147112
700 1# - ENTRADA AGREGADA--NOMBRE PERSONAL
Nombre de persona Gómez Bosque, Pedro (
Fechas asociadas al nombre 1920-2008)
9 (RLIN) 57843
710 2# - ENTRADA AGREGADA--NOMBRE DE ENTIDAD CORPORATIVA
Nombre de entidad corporativa o nombre de jurisdicción como elemento de entrada Universidad de Valladolid.
9 (RLIN) 7332
852 ## - LOCALIZACIÓN
Ubicación ES-MaACL
Número de control de estantería P-1314
Holdings
Estatus retirado Estado de pérdida Estado de daño No para préstamo Biblioteca de origen Biblioteca actual Ubicación en estantería Fecha de adquisición Fuente de adquisición Total de préstamos Signatura topográfica completa Código de barras Visto por última vez Precio de reemplazo Tipo de ítem Koha
        Biblioteca del Ateneo de Madrid Biblioteca del Ateneo de Madrid Depósito 2 17/01/2008     P-1314 1150292 23/02/2023 23/02/2023 Libro impreso